Physics for Engineers_A&B (Record no. 38016)

MARC details
000 -LEADER
fixed length control field 00390nam a22001697a 4500
082 ## - DEWEY DECIMAL CLASSIFICATION NUMBER
Classification number 530 NAH
100 ## - MAIN ENTRY--AUTHOR NAME
Personal name Nahari A
100 ## - MAIN ENTRY--AUTHOR NAME
Personal name Sindhu R L
100 ## - MAIN ENTRY--AUTHOR NAME
Personal name Haritha V G
100 ## - MAIN ENTRY--AUTHOR NAME
Personal name Sini Chandran
245 ## - TITLE STATEMENT
Title Physics for Engineers_A&B
250 ## - EDITION STATEMENT
Edition statement 1
260 ## - PUBLICATION, DISTRIBUTION, ETC. (IMPRINT)
Name of publisher Owl Books
Place of publication Trivandrum
Year of publication 2025
650 ## - SUBJECT ADDED ENTRY--TOPICAL TERM
Topical Term Physics
942 ## - ADDED ENTRY ELEMENTS (KOHA)
Koha item type Text Book
952 ## - LOCATION AND ITEM INFORMATION (KOHA)
Damaged status
Not for loan
952 ## - LOCATION AND ITEM INFORMATION (KOHA)
Damaged status
Not for loan
952 ## - LOCATION AND ITEM INFORMATION (KOHA)
Damaged status
Not for loan
952 ## - LOCATION AND ITEM INFORMATION (KOHA)
Damaged status
Not for loan
952 ## - LOCATION AND ITEM INFORMATION (KOHA)
Damaged status
Not for loan
952 ## - LOCATION AND ITEM INFORMATION (KOHA)
Damaged status
Not for loan
952 ## - LOCATION AND ITEM INFORMATION (KOHA)
Damaged status
Not for loan
952 ## - LOCATION AND ITEM INFORMATION (KOHA)
Damaged status
Not for loan
952 ## - LOCATION AND ITEM INFORMATION (KOHA)
Damaged status
Not for loan
952 ## - LOCATION AND ITEM INFORMATION (KOHA)
Damaged status
Not for loan
Holdings
Withdrawn status Collection code Permanent Location Current Location Date acquired Source of acquisition Cost, normal purchase price Inventory number Full call number Accession Number Price effective from Koha item type Shelving location
  PHYSICS VAST Central Library VAST Central Library 14/11/2025 Minerva Books 300.00 85 530 NAH 37893 19/11/2025 Text Book  
  PHYSICS VAST Central Library VAST Central Library 14/11/2025 Minerva Books 300.00 85 530 NAH 37894 19/11/2025 Text Book  
  PHYSICS VAST Central Library VAST Central Library 14/11/2025 Minerva Books 300.00 85 530 NAH 37895 19/11/2025 Text Book RAC-11/1st Year
  PHYSICS VAST Central Library VAST Central Library 14/11/2025 Minerva Books 300.00 85 530 NAH 37896 19/11/2025 Text Book  
  PHYSICS VAST Central Library VAST Central Library 14/11/2025 Minerva Books 300.00 85 530 NAH 37897 19/11/2025 Text Book  
  PHYSICS VAST Central Library VAST Central Library 14/11/2025 Minerva Books 300.00 85 530 NAH 37898 19/11/2025 Text Book  
  PHYSICS VAST Central Library VAST Central Library 14/11/2025 Minerva Books 300.00 85 530 NAH 37899 19/11/2025 Text Book  
  PHYSICS VAST Central Library VAST Central Library 14/11/2025 Minerva Books 300.00 85 530 NAH 37900 19/11/2025 Text Book  
  PHYSICS VAST Central Library VAST Central Library 14/11/2025 Minerva Books 300.00 85 530 NAH 37901 19/11/2025 Text Book  
  PHYSICS VAST Central Library VAST Central Library 14/11/2025 Minerva Books 300.00 85 530 NAH 37902 19/11/2025 Text Book